Eu também sou gente (Registo nº 2660)
[ vista simples ]
| 000 -Etiqueta do registo | |
|---|---|
| Cabeçalho | 00725nam a22002531 4500 |
| 005 - Identificador da versão | |
| Campo de controlo | 20240813121940.0 |
| 100 ## - Dados gerais de processamento | |
| Dados gerais de processamento | 19980514d1982 cd y0pory5003 ba |
| 102 ## - Pais de publicação ou produção | |
| País de publicação | Portugal |
| 101 0# - Língua de publicação | |
| Língua do texto, banda sonora, etc. | Português |
| 106 ## - Campo de dados codificados: material textual | |
| Dados codificados do material textual | r |
| 105 ## - Campo de dados codificados: livros | |
| Dados codificados dos livros | a z 000fy |
| 215 ## - Descrição física | |
| Indicação específica da natureza do documento e extensão da espécie | 72, [3] p. |
| Outras indicações físicas | il. |
| Dimensões | 20 cm |
| 200 1# - Titulo e menção de responsabilidade | |
| Título próprio | Eu também sou gente |
| Informação de outro título | cadernos do Marinho |
| Primeira menção de responsabilidade | Ricardo Alberty |
| Outras menções de responsabilidade | il. Romeu Costa |
| 225 2# - Colecção | |
| Título próprio da colecção | Plátano de Abril |
| Indicação de volume | 15 |
| 210 ## - Publicação, Distribuição, etc. | |
| Lugar da edição, distribuição, etc. | Lisboa |
| Nome do editor, distribuidor, etc. | Plátano |
| Data da publicação, distribuição, etc. | [1982] |
| 606 ## - Nome comum usado como assunto | |
| Número de registo de entrada de autoridade | 0000029 |
| Palavra de ordem | Literatura portuguesa infantil |
| Subdivisão de assunto | Conto |
| 675 ## - Classificação Decimal Universal (CDU) | |
| Notação | 821.134.3-34 |
| Edição | 2ª |
| Língua da edição | por |
| 702 #1 - Nome de autor-pessoa física (responsabilidade secundária) | |
| Número de registo de entrada de autoridade | 0001017 |
| Palavra de ordem | Costa |
| Outra parte do nome não tomada para palavra de ordem | Romeu |
| Código de função | Ilustrador / Técnico de desenho computorizado |
| 700 #1 - Nome de autor-pessoa física (responsabilidade principal) | |
| Número de registo de entrada de autoridade | 0000199 |
| Palavra de ordem | Alberty |
| Outra parte do nome não tomada para palavra de ordem | Ricardo |
| 942 ## - Elementos de entrada adicionados (Koha) | |
| Tipo de item no Koha | Livro |
| Situação do levantamento | Origin of item (home branch) (coded) | Biblioteca de empréstimo | Código de barras | Cota | Circulation type (not for loan) | Tipo de documento | Nota do exemplar | Damaged status |
|---|---|---|---|---|---|---|---|---|
| Biblioteca Escolar da Coca Maravilhas | Biblioteca Escolar da Coca Maravilhas | BECM3581/98 | 8POR ALB | Livro | Sem mensagem |
